All LuLuYam Characters - Statistics

General Stats
  • This quiz has been taken 18 times
  • The average score is 8 of 13
Answer Stats
Names % Correct
Lucipher
100%
LuLu
93%
Nikoli
93%
Phanuel
93%
Mimmie
86%
Lucelia
79%
Amaris
64%
Ankou
64%
Carey
50%
Mama
50%
Secretaries
29%
Hatsune Miku
21%
Rot Sprites
7%
No matching quizzes found
Score Distribution
Percent of People with Each Score
Percentile by Number Answered
Your Score History
You have not taken this quiz